000 00925cam a2200241 4500
001 WB3617-40
008 000000n2000 000 0 eng u
035 _a(Sirsi) u105783
245 _aCorridors 'a risk to renewal'
260 _c2000
490 _aBuilding Design
_v(1438) 28 April 2000, 3(1)
520 _aA report by Friends of the Earth and the CPRE, "Transport corridors - blessing or blind alley?", suggests that such corridors could lead to ribbon development as developers try to avoid building on problematic brownfield sites. Copies of the report available from CPRE Publications, tel.020 7976 6433.
590 _aWB
650 _aTRANSPORT CORRIDORS
650 _aFRIENDS OF THE EARTH
650 _aCPRE
650 _aBROWNFIELD DEVELOPMENT
650 _aURBAN RENEWAL
650 _aHOUSING DEVELOPMENT
650 _aRIBBON DEVELOPMENT
690 _aTRANSPORT AND COMMUNICATIONS
942 _n0
999 _c63341
_d63341